000 00481nam a2200133Ia 4500
008 170221s9999 xx 000 0 und d
100 _aRehman, Ajid ur
245 _aCorporate Cash Holdings and Adjustment Behaviour in Chinese Firms: An Empirical Analysis Using Generalized Method of Moments
245 _cAjid ur Rehman and Man Wang
260 _c2012
300 _a32 : 11
650 _xBusiness
856 _uhttp://ro.uow.edu.au/cgi/viewcontent.cgi?article=1628&context=aabfj
999 _c311306
_d311306